000 00299nam a22001337a 4500
008 170926b xxu||||| |||| 00| 0 eng d
020 _a9780415213684
041 _aeng
080 _a37
100 _a46
101 _aEDU
245 _aJEAN-PAUL SARTRE: BASIC WRITINGS
_cPRIEST.S
942 _2udc
_cBK
999 _c29795
_d29795